Čornaja dama Njasvižskaha zamka

Titel: Čornaja dama Njasvižskaha zamka / K. Šyšyhina-Patockaja
Verfasser:
Veröffentlicht: Minsk : Polymja, 1992
Umfang: 33 S. : Ill.
Format: Buch
Sprache: Weißrussisch
ISBN: 5345006849
Buchumschlag
X
Lokale Klassifikation: 2 B 627
alg: 2762408
001A    $03004:10-01-94 
001B    $01999:19-11-16 $t01:08:50.000 
001C    $03004:29-07-13 $t14:44:21.000 
001D    $09999:99-99-99 
001U    $0utf8 
001X    $00 
002@    $0Aau 
003@    $0027624080 
003O    $0180639880 $aOCoLC 
004A    $05-345-00684-9 
007A    $0027624080 $aHEB 
007T    $0Herdhh027624080 
010@    $abel 
011@    $a1992 
013H    $0z 
015@    $0Z 
021A    $aČornaja dama Njasvižskaha zamka $hK. Šyšyhina-Patockaja 
028A    $#Patockaja, Klavdija Š.- $7 $8Šyšyhina-Patockaja, Klavdija [Tnx] $916393830X 
033A    $pMinsk $nPolymja 
034D    $a33 S. 
034M    $aIll. 
046L    $aIn kyrill. Schr., beloruss. 

lok: 2762408 24
101B    $029-07-13 $t14:44:21.000 
101U    $0utf8 
145Z/01 $a2 B 627 

exp: 2762408 24 1 #EPN
201B/01 $029-07-13 $t14:45:45.000 
201U/01 $0utf8 
203@/01 $0086422413 
208@/01 $a29-07-13 $bz 
209A/01 $aS 12447 $du $f050 $hS 12447 $x00 
209C/01 $aT 93.0045 $h93 0045 T 
209G/01 $a73332591 $x00 
244Z/01 $#Barbara  $#Radziwiłłówna, Barbara $#Radziwiłł, Barbara $#Barbora Radvilaitė $#Barbara Radziwiłłówna $#Barbara  $7118966650 $8--Tp1--$PBarbara$lPolen, Königin, 1520-1551$Z1520-1551 $x01 $9087306964 
247C/01 $8358050-7 Marburg, Bibliothek des Herder-Instituts Marburg $9102600961 

lok: 2762408 78

exp: 2762408 78 1 #EPN
201B/01 $019-04-17 $t17:41:25.000 
201U/01 $0utf8 
203@/01 $0793117283 
208@/01 $a12-11-16 $be 
209A/01 $a/ $f000 $x00 
237A/01 $aIn kyrill. Schr., beloruss. - weiterführende Signatur(en): Herder-Institut: S 12447 
244Z/01 $2Trx $8--Trx--Monographie $x01 $9391384546 
247C/01 $82080>Marburg/Lahn, Herder-Institut, Forschungsbibliothek, Bibliographieportal $9336309341 

lok: 2762408 204

exp: 2762408 204 1 #EPN
201B/01 $021-01-13 $t13:49:54.000 
201C/01 $021-01-13 
201U/01 $0utf8 
203@/01 $0660953005 
208@/01 $a21-01-13 $bzUB 
209A/01 $a22.205.55 $du $f000 $h22 205 55 $x00 
209G/01 $a22205552 $x00 
245S/01 $a10200 $x01 
247C/01 $8631000-x <26>Gießen, Universität Gießen, Universitätsbibliothek Gießen $9102596697
LEADER 00000cam a2200000 c 4500
001 027624080
003 DE-603
005 20161119010850.0
007 tu
008 940110s1992 xx |||| | u00||u|bel c
020 |a 5345006849 
035 |a (DE-599)HEB027624080 
035 |a (OCoLC)180639880 
040 |a DE-603  |b ger  |c DE-603  |d DE-603 
041 |a bel 
100 1 |a Šyšyhina-Patockaja, Klavdija  |0 (DE-603)16393830X 
245 0 0 |a Čornaja dama Njasvižskaha zamka  |c K. Šyšyhina-Patockaja 
264 1 |a Minsk  |b Polymja  |c 1992 
300 |a 33 S.  |b Ill. 
546 |a In kyrill. Schr., beloruss. 
924 0 |9 Mb 50  |a (DE-603)086422413  |b DE-Mb50  |c HES  |d c  |g S 12447 
924 0 |9 2080  |a (DE-603)793117283  |b DE-2080  |c HES  |d d  |g / 
924 0 |9 26  |a (DE-603)660953005  |b DE-26  |c HES  |d c  |g 22.205.55